000 00313nam a22001457a 4500
003 OSt
005 20160727222358.0
008 160622b xxu||||| |||| 00| 0 eng d
040 _cTEST
100 _9608
_aEareckson, J
245 _aJoni
260 _aMichigan
_b Zonderan
_c1979
300 _aJoni
942 _2ddc
_cBK
999 _c496
_d496